NBA Stats True or False - Statistics

General Stats
  • This quiz has been taken 133 times
  • The average score is 7 of 12
Answer Stats
Question Answer % Correct
Dirk Nowitzki is known as one of the greatest Forwards in history but he never grabbed more than 10 rebounds in a game! False
81%
In a Division III College Basketball game Manute Bol scored 32 Points, grabbed 29 boards, and blocked 31 shots! True
75%
Corey Maggette went 17-20 on free throws in 10 minutes and had no other stats in the game! True
69%
In the 1961-62 NBA season Wilt Chamberlain averaged 48.52 Minutes per game even though there is only 48 minutes in a game! True
69%
Draymond Green completed a triple double without scoring! With 11 rebounds, 10 steals and 10 assists! True
69%
George Mikan scored 107 points in 1952 against the Syracuse Nationals but he is not in the record book because there was no official stat keeper! False
63%
Scott Skiles dished out 30 dimes while playing for the Orlando Magic in a game versus the Denver Nuggets on December 30,1990 True
63%
Tracy McGrady in 2009 played all but the last 30 seconds of a game for the Rockets but recorded 0 Points, 0 Rebounds and 0 Assists! False
56%
The most points Michael Jordan ever scored in a game was a disappointing 69 points! True
50%
The NBA 3 Point Record was held for 20 minutes by Celtics Center Dave Cowens who drilled a single 3 in the first half of the 1979-80 Season opener. Becoming the holder of the NBA 3 Point Record! False
19%
In 1987 Spud Webb who stood at just 5' 7" won the Dunk Contest but he never actually got a statistical dunk in a game! False
19%
In the game known as the "Warrior Game" Nate Thurmond accounted for 18 Dunks along with an astonishing 10 Blocks and 3 Charges drawn for the Golden State Warriors in 1965! False
19%
No matching quizzes found
Score Distribution
Percent of People with Each Score
Percentile by Number Answered
Your Score History
You have not taken this quiz